000 00564nam a22001697a 4500
003 OSt
005 20260121061807.0
008 260121b |||||||| |||| 00| 0 eng d
020 _a971-561-402-7.
040 _aDWC-Main lib.
_cOC
082 _aFil. 370 Ed83 2001
245 _aEducation and national development in asia:
_btrends, issues, policies, and strategies/
260 _aManila:
_bAsian Development Bank,
_cc2001.
300 _axxii, 182 pages ;
_c23 centimeters.
504 _aIncludes appendices and bibliography.
942 _2ddc
_cBK-FIL
_hFil.
_n0
999 _c7659
_d7659